Представление документа в формате MARC21

Поле Инд. ПП Название Значение
Тип записи a
Библиографический уровень a
001 Контрольный номер f6bccd24916c4d309d422b521c04348a
005 Дата корректировки 20231207083545.6
020 a ISBN 978-5-7310-4859-0
040 a Служба первич. каталог. НБ ТвГУ
b Код языка каталог. rus
e Правила каталог. PSBO
041 0_ a Код языка текста rus
097 b Оператор Komarova.ES
100 1_ a Автор Мозгачева Е. А.
245 10 a Заглавие Лексикографический проект двуязычного словаря мифологических антропонимов (на материале серии книг "Гарри Поттер")
260 a Место издания Санкт-Петербург
b Издательство Санкт-Петербургский государственный экономический университет
504 a Библиография Библиогр.: с. 96-98 (26 назв.)
520 0_ a Аннотация Статья посвящена лексикографическому проекту двуязычного словаря мифологических антропонимов (на материале серии книг "Гарри Поттер").
653 0_ a Ключевые слова Санкт-Петербург, город
a Ключевые слова Мифология
a Ключевые слова Лексика
a Ключевые слова Двуязычный словарь
a Ключевые слова Серия книг
773 18 w Контрольный № источника 09834a8e6a8b42ed9c2a139f4e6fab6c
t Название источника Лексикографическая копилка
d Место и дата издания Санкт-Петербург : Санкт-Петербургский государственный экономический университет, 2020
g Прочая информация Вып. 10. - С. 93-98
901 t Тип документа a
920 a Оператор Кома
954 b Дата поступления в ОК 20231207